Diagnóstico sobre seguridad privada en Honduras: una aproximación al tema
Zapisane w:
| Korporacja: | |
|---|---|
| Format: | Texto |
| Wydane: |
San José:
Fundación Arias para la Paz y el Progreso Humano
|
| Hasła przedmiotowe: | |
| Etykiety: |
Dodaj etykietę
Nie ma etykietki, Dołącz pierwszą etykiete!
|
MARC
| LEADER | 00000 a a2200000 04500 | ||
|---|---|---|---|
| 001 | 30787 | ||
| 003 | |||
| 040 | |||
| 020 | |a 9977-17-120-3 | ||
| 090 | |a 197304 |b | ||
| 110 | |a Fundación Arias para la Paz y el Progreso Humano | ||
| 245 | |a Diagnóstico sobre seguridad privada en Honduras: una aproximación al tema | ||
| 260 | |a San José: |b Fundación Arias para la Paz y el Progreso Humano | ||
| 300 | |a 28 p.; 4 vol | ||
| 650 | |a DELINCUENCIA | ||
| 650 | |a FUERZAS ARMADAS | ||
| 650 | |a SEGURIDAD | ||
| 650 | |a POLICIA | ||
| 650 | |a EMPRESAS PRIVADAS | ||
| 650 | |a LEGISLACION | ||
| 650 | |a DELITOS | ||
| 650 | |a ARMAS | ||
| 999 | |c 17480 |d 17480 | ||



